Statistics for 30 Second Ready Reaction Quiz

Click here to take the quiz!

General Stats

  • This quiz has been taken 1,433 times
    (1,406 since last reset)
  • The average score is 33 of 40

Answer Stats

letterletter% Correct
DD
100%
BB
99%
JJ
99%
PP
99%
QQ
99%
TT
99%
CC
98%
DD
98%
FF
98%
II
98%
JJ
98%
GG
97%
MM
97%
RR
97%
YY
97%
CC
96%
SS
96%
WW
96%
FF
95%
PP
94%
JJ
93%
MM
92%
GG
91%
YY
90%
NN
88%
SS
86%
CC
83%
KK
81%
MM
77%
RR
74%
AA
68%
LL
63%
QQ
59%
VV
53%
JJ
50%
MM
46%
YY
41%
DD
37%
GG
33%
EE
30%

Score Distribution

Percentile by Number Answered

Percent of People with Each Score

Your Score History

You have not taken this quiz since the last reset